[Event "CSR-ch"]
[Site "Luhacovice"]
[Date "1971.??.??"]
[Round "15"]
[White "Mititelu, Gheorghe"]
[Black "Kolarov, Atanas S"]
[Result "1/2-1/2"]
[WhiteElo "2400"]
[BlackElo "2435"]

1.d4 Nf6 2.c4 e6 3.Nf3 Bb4+ 4.Bd2 Qe7 5.Nc3 Bxc3 6.Bxc3 Ne4 7.Qc2 Nxc3 8.Qxc3 O-O
9.e3 d6 10.Be2 b6 11.O-O Bb7 12.Rfe1 Nd7 13.Nd2 c5 14.Bf3 Bxf3 15.Nxf3  1/2-1/2

[Event "URS-chT Moscow"]
[Site "Moscow"]
[Date "1972.??.??"]
[Round "?"]
[White "Tager, B."]
[Black "Saunina, Ludmila"]
[Result "0-1"]
[WhiteElo "2000"]
[BlackElo "2295"]

1.d4 Nf6 2.c4 e6 3.Nf3 Bb4+ 4.Bd2 Bxd2+ 5.Nbxd2 d6 6.g3 O-O 7.Bg2 Qe7 8.Qc2 e5
9.d5 e4 10.Nd4 e3 11.Ne4 Nxe4 12.Bxe4 exf2+ 13.Kxf2 Qf6+ 14.Nf3 Qh6 15.Bf5 Nd7
16.h4 Nf6 17.Bxc8 Raxc8 18.Qf5 Rce8 19.Rae1 Qe3+ 20.Kg2 Ne4 21.Rhf1 Nd2 22.Rf2 Nxc4
23.Ng5 g6 24.Qc2 Qd4 25.e4 Re7 26.Qc1 Ne5 27.Ref1 Rfe8 28.h5 h6 29.Nf3 Qxe4
30.hxg6 fxg6  0-1

[Event "URS-chT Moscow"]
[Site "Moscow"]
[Date "1972.??.??"]
[Round "?"]
[White "Elistratov"]
[Black "Gipslis, Aivars"]
[Result "0-1"]
[WhiteElo "2200"]
[BlackElo "2560"]

1.d4 Nf6 2.c4 e6 3.Nf3 Bb4+ 4.Bd2 Qe7 5.e3 O-O 6.Bxb4 Qxb4+ 7.Qd2 a5 8.Nc3 Qe7
9.Be2 d5 10.O-O Rd8 11.Qc2 Nbd7 12.Rfd1 c6 13.Rac1 Nf8 14.a3 Bd7 15.Na4 Be8
16.Nb6 Ra7 17.c5 N6d7 18.Nxd7 Qxd7 19.Qc3 Rda8 20.h3 Qc7 21.Bd3 b6 22.cxb6 Qxb6
23.Rd2 f6 24.Bc2 a4 25.Ne1 Ra5 26.Nd3 Nd7 27.Bd1 Rc8 28.Nc5 Nxc5 29.dxc5 Qa7
30.Rd4 Rb8 31.Rb4 Rbb5 32.Rxb5 Rxb5 33.e4 dxe4 34.Qd4 Qd7 35.Qxd7 Bxd7 36.Bxa4 Rxb2
37.Rd1 Rb7 38.Rd6 Kf7 39.Bxc6 Bxc6 40.Rxc6 Ra7 41.Rb6 Rxa3 42.Rb7+ Kg6 43.c6 Ra1+
44.Kh2 Rc1 45.c7 f5 46.Kg3 Kf6 47.h4 e5 48.Rb6+ Ke7 49.Rb7 Kd6 50.c8=Q Rxc8
51.Rxg7 Rc7 52.Rg8 Rc3+ 53.f3 exf3 54.gxf3 e4 55.Rd8+ Ke5 56.Re8+ Kf6 57.Rf8+ Kg6
58.h5+ Kg5 59.Rg8+ Kxh5  0-1

[Event "Skopje ol (Men) fin-B"]
[Site "Skopje"]
[Date "1972.??.??"]
[Round "4"]
[White "Tatai, Stefano"]
[Black "Janetschek, Karl"]
[Result "1/2-1/2"]
[WhiteElo "2460"]
[BlackElo "2200"]

1.d4 Nf6 2.c4 e6 3.Nf3 Bb4+ 4.Bd2 a5 5.g3 Nc6 6.Bg2 O-O 7.O-O Bxd2 8.Qxd2 d6
9.Nc3 e5 10.d5 Ne7 11.e4 h6 12.Ne1 Nd7 13.Nd3 f5 14.exf5 Nxf5 15.f4 exf4
16.Rxf4 Ne5 17.Raf1 Qg5 18.Nxe5 dxe5 19.Ne4 Qe7 20.R4f2 Bd7 21.c5 Nd4 22.Rxf8+ Rxf8
23.Rxf8+ Qxf8 24.Qxa5 Bf5 25.Nf2 e4 26.Qd2  1/2-1/2

[Event "Skopje ol (Men) fin-D"]
[Site "Skopje"]
[Date "1972.??.??"]
[Round "10"]
[White "Sursock, Sameer"]
[Black "Taha, A."]
[Result "1-0"]
[WhiteElo "2200"]
[BlackElo "2200"]

1.d4 Nf6 2.c4 e6 3.Nf3 Bb4+ 4.Bd2 Bxd2+ 5.Qxd2 O-O 6.Nc3 b6 7.e4 d6 8.Be2 Bb7
9.Qc2 h6 10.O-O Nbd7 11.Rad1 Nh7 12.Rfe1 Qe7 13.Bf1 a6 14.Qd3 e5 15.Nd5 Bxd5
16.cxd5 Rfe8 17.Rc1 Qd8 18.dxe5 dxe5 19.Qc3 Ra7 20.g3 Qf6 21.Bh3 Nhf8 22.Qe3 Nb8
23.Nh4 Ng6 24.Nxg6 Qxg6 25.Rc2 Qd6 26.Rec1 Re7 27.Rc4 Kh7 28.R1c2 g6 29.Qc1 Kg7
30.b4 Rb7 31.Qb2 b5 32.Rc5 Kh7 33.a3 Rb6 34.Qc3 Rb7 35.Bc8 Ra7 36.h4 Qd8
37.Bh3 h5 38.Qe3 Rb7 39.Qg5 Qd6 40.Bf5 Rb6 41.Qxh5+ Kg7 42.Qg5 c6 43.h5 cxd5
44.hxg6 fxg6 45.exd5 Qf6 46.Qxf6+ Kxf6 47.Be6 Rd6 48.Rc8 Nd7 49.R2c6 Rxc6
50.Rxc6 Kg5 51.Rc7  1-0

[Event "Skopje ol (Men) fin-C"]
[Site "Skopje"]
[Date "1972.??.??"]
[Round "14"]
[White "Alvarez, German"]
[Black "Uzman, Cavit"]
[Result "1-0"]
[WhiteElo "2200"]
[BlackElo "2200"]

1.d4 Nf6 2.Nf3 e6 3.c4 Bb4+ 4.Bd2 a5 5.a3 Bxd2+ 6.Nbxd2 d5 7.g3 Nbd7 8.Bg2 Qe7
9.O-O O-O 10.Ne5 dxc4 11.Ndxc4 a4 12.Qc2 Nxe5 13.Nxe5 Nd5 14.e4 Nb6 15.Rac1 f6
16.Nf3 c6 17.Rfe1 e5 18.Qc3 Bg4 19.dxe5 Bxf3 20.Bxf3 fxe5 21.Rcd1 Qf7 22.Re3 Nc4
23.Red3 b5 24.Qc2 Na5 25.Bg4 Nb3 26.Rd7 Qe8 27.Qxc6 Nd4 28.Qc7 Qg6 29.Qxe5 Rae8
30.Qxd4 Qxg4 31.f4 Rxf4 32.Qxg7+ Qxg7 33.Rxg7+ Kxg7 34.gxf4 Rxe4 35.Rd7+ Kg6
36.Rb7 Rxf4 37.Rxb5 Rc4 38.Kg2 h5 39.Kg3 h4+ 40.Kh3 Rc2 41.Kxh4 Rxh2+ 42.Kg3 Rc2
43.Kf4 Kf6 44.Rb6+ Ke7 45.Ke4 Kd7 46.Kd3 Rh2 47.Kc3 Kc7 48.Rb4 Rh3+ 49.Kc2 Rh2+
50.Kb1 Rh1+ 51.Ka2 Kc6 52.Rxa4 Kc5 53.Rg4 Rh3 54.a4 Rf3 55.b3 Rh3 56.Ka3 Rf3
57.a5 Kb5 58.Rg5+ Ka6 59.Ka4 Rf7 60.b4 Rh7 61.Rg6+ Ka7 62.a6 Rh1 63.Ka5 Ra1+
64.Kb5 Rh1 65.Rg7+ Ka8 66.Rd7 Rh8 67.Ka5 Rb8 68.b5 Rh8 69.b6 Rh5+ 70.Kb4 Rh8
71.Kc5 Kb8 72.Re7 Rh5+ 73.Kd6 Rh6+ 74.Re6 Rh8 75.Kd7 Rf8 76.Re8+ Rxe8 77.Kxe8 Kc8
78.b7+ Kc7 79.Ke7  1-0

[Event "JUG-ch"]
[Site "Umag"]
[Date "1972.??.??"]
[Round "18"]
[White "Marovic, Drazen"]
[Black "Parma, Bruno"]
[Result "1/2-1/2"]
[WhiteElo "2465"]
[BlackElo "2510"]

1.d4 Nf6 2.c4 e6 3.Nf3 Bb4+ 4.Bd2 Qe7 5.g3 Nc6 6.Nc3 O-O 7.Bg2 Bxc3 8.Bxc3 Ne4
9.Rc1 d6 10.d5 Nxc3 11.Rxc3 Nd8 12.dxe6 fxe6 13.O-O Bd7 14.Nd4 e5 15.Nc2 Bc6
16.Bd5+ Kh8 17.Ne3 Ne6  1/2-1/2

[Event "Caracas"]
[Site "Caracas"]
[Date "1973.??.??"]
[Round "17"]
[White "Frey, Kenneth"]
[Black "Torres, Luis J"]
[Result "1-0"]
[WhiteElo "2490"]
[BlackElo "2345"]

1.Nf3 Nf6 2.d4 e6 3.c4 Bb4+ 4.Bd2 Qe7 5.g3 O-O 6.Bg2 Bxd2+ 7.Qxd2 d6 8.Nc3 Nbd7
9.O-O c6 10.e4 e5 11.Rad1 c5 12.dxc5 dxc5 13.Bh3 Nb6 14.Bxc8 Raxc8 15.b3 Rcd8
16.Qg5 Rfe8 17.Rxd8 Qxd8 18.Rd1 Qb8 19.Nh4 h6 20.Qe3 Rd8 21.Rxd8+ Qxd8 22.Qxc5 Qd4
23.Qxd4 exd4 24.Nb5 Nxe4 25.Nxd4 g6 26.Nhf3 a5 27.Nb5 a4 28.Kf1 Kf8 29.Ke2 Ke7
30.Nd2 axb3 31.axb3 Nc5 32.Ke3 Nbd7 33.Nd4 f5 34.f3 Kd6 35.Nc2 Ke5 36.Nb4 Kd6
37.Nd3 Ne6 38.b4 Nf6 39.Nf4 Nxf4 40.Kxf4 b5 41.Ke3 bxc4 42.Nxc4+ Kd5 43.Kd3 g5
44.Ne3+ Ke5 45.b5 Nd7 46.Kc4 h5 47.Nd5 h4 48.b6 hxg3 49.hxg3 g4 50.f4+ Ke4
51.b7 Kf3 52.Nf6 Nb8 53.Nh5 Ke4 54.Kc5  1-0

[Event "HUN-ch"]
[Site "?"]
[Date "1973.??.??"]
[Round "?"]
[White "Eperjesi, Laszlo"]
[Black "Nagy, E."]
[Result "1-0"]
[WhiteElo "2200"]
[BlackElo "2455"]

1.d4 Nf6 2.c4 e6 3.Nf3 Bb4+ 4.Bd2 Qe7 5.g3 O-O 6.Bg2 Bxd2+ 7.Qxd2 d6 8.Nc3 c6
9.e4 e5 10.O-O Bg4 11.Nh4 Na6 12.h3 Be6 13.b3 Rfd8 14.Kh2 exd4 15.Qxd4 Nb4
16.Rad1 d5 17.exd5 cxd5 18.cxd5 Nbxd5 19.Nxd5 Nxd5 20.Rfe1 Qf8 21.Qe5 Nb4
22.Bxb7 Rab8 23.Rxd8 Rxd8 24.Re2 g6 25.Ng2 Nd3 26.Qf6 Rd6 27.Qc3 Qh6 28.h4 Qh5
29.Rxe6 Rxe6 30.Qxd3 Qc5 31.Ne3 h5 32.Bd5 Rf6 33.Kg2 Qa5 34.a4 Qe1 35.Bf3 Re6
36.Qd8+ Kg7 37.Qd4+ Kg8 38.Qxa7 Qb4 39.Bd5 Rf6 40.Qa8+  1-0

[Event "ARG-ch"]
[Site "Santa Fe"]
[Date "1973.??.??"]
[Round "8"]
[White "Jovanovich, M."]
[Black "Debarnot, Roberto"]
[Result "0-1"]
[WhiteElo "2200"]
[BlackElo "2405"]

1.d4 Nf6 2.c4 e6 3.Nf3 Bb4+ 4.Bd2 Qe7 5.Qc2 Bxd2+ 6.Nbxd2 d6 7.e3 e5 8.c5 O-O
9.cxd6 cxd6 10.dxe5 dxe5 11.Be2 Nc6 12.e4 Bg4 13.O-O Rac8 14.Qa4 Rfd8 15.Nb3 Nh5
16.Nfd4 Qg5 17.Bxg4 Qxg4 18.f3 Qg5 19.Ne2 Rd6 20.Rf2 Qe3 21.g3 Rcd8 22.Rf1 a6
23.Kg2 Rg6 24.Qc4 Rd3 25.Qc1 Qb6 26.Rd1 Re3 27.Kf1 Rf6 28.Ng1 Rxe4 29.Kg2 Rb4
30.Nc5 Rg6 31.Rfd2 h6 32.Ne4 Kh7 33.b3 Nd4 34.Qc5 Re6 35.f4 Nf5 36.Qxb6 Rexb6
37.Kf3 exf4 38.gxf4 Nh4+ 39.Kg4 Rxe4 40.Kxh4 Rxf4+ 41.Kh3 Rg6 42.Rg2 Rf3+
43.Nxf3 Nf4+ 44.Kh4 Nxg2+ 45.Kh3 Nf4+ 46.Kh4 Rg2  0-1

[Event "FRG-ch"]
[Site "Menden"]
[Date "1974.??.??"]
[Round "?"]
[White "Reichenbach, Werner"]
[Black "Freise, Helmut"]
[Result "1/2-1/2"]
[WhiteElo "2200"]
[BlackElo "2200"]

1.d4 Nf6 2.c4 e6 3.Nf3 Bb4+ 4.Bd2 Qe7 5.a3 Bxd2+ 6.Qxd2 b6 7.Nc3 d6 8.g3 Bb7
9.Bg2 Ne4 10.Nxe4 Bxe4 11.O-O O-O 12.b4 Nd7 13.Rfc1 a5 14.Ne1 Bxg2 15.Nxg2 e5
16.Ne3 Qg5 17.h4 Qd8 18.dxe5 Nxe5 19.Kg2 Re8 20.Rd1 Qc8 21.Qd4 Nd7 22.Nf5 Nf6
23.e4 Qe6 24.f3 Qe5 25.Qxe5 Rxe5 26.Nd4 Ree8 27.Re1 Kf8 28.Kf2 g6 29.Nb5 Re7
30.Ke3 axb4 31.axb4 Rxa1 32.Rxa1 d5 33.Ra8+ Kg7 34.Rc8 dxe4 35.Rxc7 Re6 36.Nd4 Re8
37.Rc6 exf3+ 38.Kxf3 Nd7 39.Kg2 Re4 40.Rd6 Ne5 41.c5 bxc5 42.bxc5 Re3 43.Rd8 Rc3
44.Rd5 Ng4 45.Rd7 Ne5 46.Rd5  1/2-1/2

[Event "FRG-ch International"]
[Site "Mannheim"]
[Date "1975.??.??"]
[Round "9"]
[White "Gerusel, Mathias"]
[Black "Ostermeyer, Peter"]
[Result "1/2-1/2"]
[WhiteElo "2440"]
[BlackElo "2200"]

1.d4 Nf6 2.c4 e6 3.Nf3 Bb4+ 4.Bd2 Qe7 5.g3 O-O 6.Bg2 Bxd2+ 7.Nbxd2 d6 8.O-O e5
9.e3 c5 10.Re1 Nc6 11.Qc2 Re8 12.dxc5 dxc5 13.Ng5 h6 14.Nge4 Bf5 15.Qb3 Rad8
16.Rad1 b6 17.a3 Bg4 18.Nxf6+ Qxf6 19.Ne4 Qe6 20.Rd5 Ne7 21.Rd3 f5 22.Rxd8 Rxd8
23.Nc3  1/2-1/2

[Event "URS-chT"]
[Site "Riga"]
[Date "1975.??.??"]
[Round "?"]
[White "Guseva, E."]
[Black "Alexandria, Nana"]
[Result "0-1"]
[WhiteElo "2000"]
[BlackElo "2335"]

1.d4 Nf6 2.c4 e6 3.Nf3 Bb4+ 4.Bd2 a5 5.g3 b6 6.Bg2 Bb7 7.O-O O-O 8.a3 Bxd2
9.Nbxd2 a4 10.b3 axb3 11.Nxb3 Nc6 12.Re1 Na5 13.c5 Nxb3 14.Qxb3 Bd5 15.Qb4 Ra6
16.Nd2 Bxg2 17.Kxg2 Qa8+ 18.e4 Nxe4 19.Nxe4 bxc5 20.dxc5 Ra4 21.Qb1 f5 22.f3 fxe4
23.Rxe4 Rxa3 24.Rxa3 Qxa3 25.Qd1 Rf5 26.Rd4 Qa2+ 27.Rd2 Rd5  0-1

[Event "Lone Pine"]
[Site "Lone Pine"]
[Date "1976.??.??"]
[Round "7"]
[White "Street, Frank"]
[Black "Loftsson, Julius H"]
[Result "1/2-1/2"]
[WhiteElo "2200"]
[BlackElo "2200"]

1.d4 Nf6 2.c4 e6 3.Nf3 Bb4+ 4.Bd2 Qe7 5.Nc3 b6 6.e3 Bb7 7.Bd3 O-O 8.O-O d6
9.a3 Bxc3 10.Bxc3 Ne4 11.Be1 f5 12.Qc2  1/2-1/2

[Event "BCF-ch"]
[Site "Brighton"]
[Date "1977.08.11"]
[Round "4"]
[White "Neat, Kenneth P"]
[Black "Cafferty, Bernard"]
[Result "0-1"]
[WhiteElo "2310"]
[BlackElo "2290"]

1.d4 Nf6 2.c4 e6 3.Nf3 Bb4+ 4.Bd2 Qe7 5.Nc3 b6 6.g3 Bb7 7.Bg2 Bxc3 8.Bxc3 Ne4
9.Qc2 Nxc3 10.Qxc3 O-O 11.O-O d6 12.Rad1 Nd7 13.d5 e5 14.e4 a5 15.b3 g6 16.a3 Nf6
17.Nd2 Bc8 18.b4 Bd7 19.Rc1 Rfc8 20.f4 exf4 21.gxf4 Nh5 22.e5 Bf5 23.Rce1 axb4
24.axb4 Ra2 25.Bh3 Rc2 26.Qe3 Bxh3 27.Qxh3 Ra8 28.Qe3 Raa2 29.Rf2 Ng7 30.Ne4 Rxf2
31.Nxf2 dxe5 32.c5 Qh4 33.Qg3 Qxf4 34.Qxf4 exf4 35.d6 cxd6 36.cxd6 Rd2 37.Ne4 Rd4
38.Nf6+ Kf8 39.d7 Ne6 40.Nxh7+ Ke7  0-1

[Event "Birmingham"]
[Site "Birmingham"]
[Date "1977.??.??"]
[Round "1"]
[White "Lambert, Glenn EJ"]
[Black "Cafferty, Bernard"]
[Result "1/2-1/2"]
[WhiteElo "2420"]
[BlackElo "2290"]

1.d4 Nf6 2.c4 e6 3.Nf3 Bb4+ 4.Bd2 Qe7 5.g3 Nc6 6.Nc3 O-O 7.Bg2 Bxc3 8.Bxc3 Ne4
9.Qc2 Nxc3 10.Qxc3 d6 11.O-O Bd7 12.e3 Rfc8 13.b4 Nd8 14.e4 b6 15.Nd2 e5
16.d5 c6 17.Qd3 Rab8 18.a4 Rc7 19.Rfb1 cxd5 20.exd5 f5 21.a5 Nf7 22.axb6 axb6
23.Qe3 Bc8 24.Rc1 h6 25.Rc3 e4 26.f3 exf3 27.Nxf3 Qf6 28.Re1 Bd7 29.Rcc1 Be8
30.b5 Bd7 31.Nd4 Ne5 32.Nc6 Bxc6 33.dxc6 Kh7  1/2-1/2

[Event "HUN-ch"]
[Site "Budapest"]
[Date "1977.??.??"]
[Round "?"]
[White "Eperjesi, Laszlo"]
[Black "Farago, Ivan"]
[Result "0-1"]
[WhiteElo "2400"]
[BlackElo "2500"]

1.d4 Nf6 2.c4 e6 3.Nf3 Bb4+ 4.Bd2 Be7 5.Nc3 d5 6.Bg5 O-O 7.e3 b6 8.Rc1 Bb7
9.cxd5 exd5 10.Bd3 Nbd7 11.O-O c5 12.Ne5 Nxe5 13.dxe5 Ne8 14.Bf4 Nc7 15.Qc2 g6
16.Rcd1 Qc8 17.Bh6 Re8 18.f4 c4 19.Be2 Bc5 20.Rf3 Qe6 21.Na4 Be7 22.Rg3 b5
23.f5 Qxe5 24.Bf4 Qg7 25.Bxc7 bxa4 26.Bf3 Bc5 27.fxg6 Bxe3+ 28.Kh1 hxg6 29.h4 Rac8
30.Qxa4 Qf6 31.h5 Kg7 32.Ba5 Bc6 33.Qa3 d4 34.Be1 Qh4+ 35.Rh3 Qxh3+ 36.gxh3 Bxf3+
37.Kh2 Bxd1 38.Bg3 Bxh5 39.Qd6 c3 40.bxc3 dxc3 41.Be5+ Kg8 42.Qf6 Rxe5 43.Qxe5 c2  0-1

[Event "HUN-ch"]
[Site "Budapest"]
[Date "1977.??.??"]
[Round "?"]
[White "Eperjesi, Laszlo"]
[Black "Barczay, Laszlo"]
[Result "1/2-1/2"]
[WhiteElo "2400"]
[BlackElo "2470"]

1.d4 Nf6 2.c4 e6 3.Nf3 Bb4+ 4.Bd2 a5 5.g3 O-O 6.Bg2 d5 7.Qc2 Nc6 8.O-O Bd7
9.Bf4 Ne4 10.Nc3 Bxc3 11.bxc3 b6  1/2-1/2

[Event "DSV-Turnier"]
[Site "Leipzig"]
[Date "1977.??.??"]
[Round "10"]
[White "Hesse, Peter"]
[Black "Petrosian, Arshak B"]
[Result "0-1"]
[WhiteElo "2415"]
[BlackElo "2345"]

1.d4 Nf6 2.Nf3 e6 3.c4 Bb4+ 4.Bd2 Qe7 5.e3 Bxd2+ 6.Nbxd2 d6 7.Qc2 e5 8.Bd3 O-O
9.O-O Re8 10.Ng5 h6 11.Nge4 Nc6 12.Qc3 Nxe4 13.Bxe4 exd4 14.exd4 Qf6 15.Bxc6 bxc6
16.Rfe1 Bd7 17.Nb3 Qg6 18.c5 Be6 19.Nd2 Bd5 20.f3 Re6 21.Rxe6 Qxe6 22.b3 Re8
23.Nf1 h5 24.cxd6 cxd6 25.Qd2 h4 26.h3 Qe2 27.Rd1 f6 28.Qxe2 Rxe2 29.Rd2 Rxd2
30.Nxd2 Kf7 31.Kf2 Ke6 32.Ke3 f5 33.Nb1 c5 34.dxc5 dxc5 35.Nc3 Bc6 36.Ne2 g5
37.Nc1 f4+ 38.Kd2 Ke5 39.Nd3+ Kd4 40.Ne1 Bb5 41.Nc2+ Kd5 42.Kc3 Bf1 43.Ne1 a5
44.Kd2 Kd4 45.Nc2+ Kd5 46.Ne1 c4 47.Kc3 Kc5 48.Kd2 cxb3 49.axb3 Kb4 50.Kc2 Ka3
51.Kc3 Ka2 52.Kc2 Ba6 53.Kc3 Kb1 54.Nc2 Bf1 55.b4 axb4+ 56.Nxb4 Bxg2 57.Kd4 Bxh3
58.Nd3 Kc2 59.Nf2 Bg2 60.Ke4 Kd2 61.Kf5 Ke2 62.Ng4  0-1

[Event "Rome m"]
[Site "Rome"]
[Date "1977.??.??"]
[Round "?"]
[White "Tatai, Stefano"]
[Black "Mariotti, Sergio"]
[Result "1/2-1/2"]
[WhiteElo "2480"]
[BlackElo "2490"]

1.d4 Nf6 2.c4 e6 3.Nf3 Bb4+ 4.Bd2 Qe7 5.g3 O-O 6.Bg2 d5 7.O-O Bxd2 8.Nbxd2 Rd8
9.Qc2 Nc6 10.Rad1 Nb4 11.Qb1 Bd7 12.a3 Nc6 13.b4 dxc4 14.Nxc4 a6 15.Rc1 Be8
16.Rfd1 Rab8 17.e3 Na7 18.Nfe5 Nb5 19.Nd3 Nd6 20.Nce5 c6 21.Nc5 Nd5 22.Qb2 f6
23.Ned3 Nc7 24.a4 Bg6 25.Nf4 Bf7 26.Ne4 e5 27.Nxd6 Rxd6 28.dxe5 fxe5 29.Rxd6 Qxd6
30.Ne2  1/2-1/2

[Event "Snekkersten"]
[Site "Snekkersten"]
[Date "1977.??.??"]
[Round "2"]
[White "Ros, Aksel"]
[Black "Hartung Nielsen, Jens"]
[Result "1/2-1/2"]
[WhiteElo "2200"]
[BlackElo "2200"]

1.d4 Nf6 2.c4 e6 3.Nf3 Bb4+ 4.Bd2 Qe7 5.e3 Bxd2+ 6.Nbxd2 O-O 7.Bd3 d6 8.O-O e5
9.Qc2 Re8 10.Ne4 Nbd7 11.Nfd2 Nxe4 12.Bxe4 Nf6 13.dxe5 Nxe4 14.Qxe4 Qxe5
15.Qxe5 dxe5 16.Rfd1 Bf5 17.e4 Be6 18.b3 Red8 19.Nf3 f6 20.h3 Kf8 21.Kf1 Ke7
22.Ke2 a5 23.a4 Rxd1 24.Rxd1 Rd8 25.Rxd8 Kxd8 26.Kd3 Kd7 27.Kc3 Kd6 28.Ne1 b6
29.Nc2 g6 30.Ne3 c6  1/2-1/2

[Event "Vrbas"]
[Site "Vrbas"]
[Date "1977.??.??"]
[Round "8"]
[White "Sahovic, Dragutin"]
[Black "Barle, Janez"]
[Result "1-0"]
[WhiteElo "2460"]
[BlackElo "2450"]

1.d4 Nf6 2.c4 e6 3.Nf3 Bb4+ 4.Bd2 c5 5.e3 d6 6.Bd3 O-O 7.O-O Qe7 8.Bxb4 cxb4
9.Qc2 e5 10.Nbd2 Re8 11.Ne4 Nbd7 12.Nfd2 Nxe4 13.Nxe4 f5 14.Ng3 e4 15.Be2 Nf6
16.Qd2 d5 17.cxd5 Nxd5 18.Bc4 Rd8 19.f3 exf3 20.gxf3 Kh8 21.Bxd5 Rxd5 22.e4 fxe4
23.fxe4 Rd8 24.Qe3 Bh3 25.Nf5 Bxf5 26.Rxf5 Rac8 27.Raf1 h6 28.Qd3 Qd6 29.d5 Re8
30.Kh1 Re5 31.Qg3 Rxf5 32.Rxf5 Rc1+ 33.Kg2 Qc5 34.Rf2 Qd4 35.Qg6 Rc8 36.Qe6 Rd8
37.Qe7 Qb6 38.h4 Qg6+ 39.Kh2 Qb6 40.Rf8+ Rxf8 41.Qxf8+ Kh7 42.d6 Qe3 43.Qf5+ g6
44.Qf7+ Kh8 45.Qf6+ Kh7 46.h5 gxh5 47.Qf5+ Kg7 48.d7 Qd2+ 49.Kh3 Qd3+ 50.Kh4 Qd1
51.Kg3 Qg1+ 52.Kf4 Qh2+ 53.Kf3 Qh1+ 54.Ke2 Qh2+ 55.Kd3 Qg3+ 56.Kd4 Qd6+ 57.Qd5 Qb6+
58.Kd3 Qd8 59.e5  1-0

[Event "Alicante"]
[Site "Alicante"]
[Date "1978.??.??"]
[Round "11"]
[White "Diesen, Mark C"]
[Black "Damjanovic, Mato"]
[Result "1/2-1/2"]
[WhiteElo "2440"]
[BlackElo "2455"]

1.d4 Nf6 2.c4 e6 3.Nf3 Bb4+ 4.Bd2 Qe7 5.g3 O-O 6.Bg2 Bxd2+ 7.Nbxd2 Nc6 8.O-O d6
9.e4 e5 10.d5 Nb8 11.Ne1 a5 12.Nd3 Na6 13.b3 Bg4 14.Bf3  1/2-1/2

[Event "IBM"]
[Site "Amsterdam"]
[Date "1978.??.??"]
[Round "8"]
[White "Pfleger, Helmut"]
[Black "Ree, Hans"]
[Result "1/2-1/2"]
[WhiteElo "2530"]
[BlackElo "2500"]

1.Nf3 Nf6 2.d4 e6 3.c4 Bb4+ 4.Bd2 Qe7 5.Nc3 Bxc3 6.Bxc3 Ne4 7.Qc2 Nxc3 8.Qxc3 O-O
9.e3 d6 10.Be2 Nd7 11.O-O e5 12.Rfd1 e4 13.Nd2 Nf6  1/2-1/2

[Event "URS-FL"]
[Site "Ashkhabad"]
[Date "1978.??.??"]
[Round "12"]
[White "Mikhalchishin, Adrian"]
[Black "Jussupow, Artur"]
[Result "1/2-1/2"]
[WhiteElo "2460"]
[BlackElo "2450"]

1.Nf3 Nf6 2.c4 e6 3.d4 Bb4+ 4.Bd2 Be7 5.Nc3 d5 6.Bg5 O-O 7.Qc2 h6 8.Bxf6 Bxf6
9.Rd1 c5 10.dxc5 Qa5 11.cxd5 exd5 12.Qd2 Be6 13.Nxd5 Qxd2+ 14.Rxd2 Bxd5 15.Rxd5 Bxb2
16.e3 Bc3+ 17.Kd1 Nc6 18.Bc4 Na5 19.Rd3 Bb4 20.Bd5 Rac8 21.Ne5 Rc7 22.Ke2 Bxc5
23.Rc1 b6 24.Rdc3 Re8 25.Nd3 Rd7 26.Bf3 Bd6 27.Rc8  1/2-1/2

[Event "Buenos Aires ol (Men)"]
[Site "Buenos Aires"]
[Date "1978.??.??"]
[Round "?"]
[White "Lombard, Andre"]
[Black "Campos Lopez, Mario"]
[Result "1-0"]
[WhiteElo "2400"]
[BlackElo "2355"]

1.d4 Nf6 2.c4 e6 3.Nf3 Bb4+ 4.Bd2 Qe7 5.g3 b6 6.Bg2 Bb7 7.O-O Bxd2 8.Nfxd2 Bxg2
9.Kxg2 O-O 10.Nc3 c5 11.d5 exd5 12.cxd5 d6 13.e4 Nbd7 14.Re1 a6 15.a4 Ne8
16.Nc4 Rb8 17.f4 f6 18.h4 Qf7 19.Ne3 Rb7 20.Qe2 Nb8 21.Rf1 Qd7 22.e5 dxe5
23.fxe5 fxe5 24.Rxf8+ Kxf8 25.Rf1+ Kg8 26.Ne4 Nd6 27.Qf3 Nf7 28.Nf5 Qe8 29.d6 Nc6
30.Ne7+ Rxe7 31.dxe7 Qxe7 32.Ng5 Nxg5 33.Qxc6 Ne6 34.Qxb6 h6 35.Qxa6 Nd4
36.Qa8+ Kh7 37.Qe4+ Kg8 38.a5 Qa7 39.Qd5+ Kh7 40.Rf8 Qa6 41.Qe4+ g6 42.Ra8  1-0

[Event "Dortmund"]
[Site "Dortmund"]
[Date "1978.??.??"]
[Round "3"]
[White "Keene, Raymond D"]
[Black "Gipslis, Aivars"]
[Result "1/2-1/2"]
[WhiteElo "2480"]
[BlackElo "2525"]

1.d4 Nf6 2.c4 e6 3.Nf3 Bb4+ 4.Bd2 Qe7 5.g3 Nc6 6.Nc3 Bxc3 7.Bxc3 Ne4 8.Rc1 d6
9.d5 Nxc3 10.Rxc3 Nb8 11.Bg2 O-O 12.O-O Na6 13.Qc2 e5 14.a3 Bd7 15.b4 b6
16.e4 Rad8 17.Rc1 Qe8 18.Bf1 Nb8 19.c5 bxc5 20.bxc5 Ba4 21.Qb2 c6 22.cxd6 cxd5
23.exd5 Rxd6 24.Rc8 Rd8 25.Rxd8 Qxd8 26.Qxe5 Nd7 27.Qd4 Qa5 28.d6 a6 29.Qb4 Qxb4
30.axb4 Rd8 31.Rc7 Nb6 32.Rb7 Nc8 33.Rb8 Rf8 34.Bxa6 Nxd6 35.Rxf8+ Kxf8 36.Nd4 Ke7
37.f3 Kf6 38.Kf2 Ke5 39.Ke3 Kd5 40.Kd3 Bd7 41.Ne2 g5 42.Nc3+ Ke5 43.Ke3 Nf5+
44.Kd3 Bc6 45.Ne4  1/2-1/2

[Event "Wch U20"]
[Site "Graz"]
[Date "1978.??.??"]
[Round "2"]
[White "Toshkov, Tihomir"]
[Black "Klauner, Thei"]
[Result "1-0"]
[WhiteElo "2200"]
[BlackElo "2200"]

1.d4 Nf6 2.c4 e6 3.Nf3 Bb4+ 4.Bd2 Be7 5.Nc3 d5 6.Bg5 O-O 7.e3 b6 8.Rc1 Bb7
9.cxd5 Nxd5 10.Bxe7 Qxe7 11.Bd3 Rd8 12.Nxd5 Bxd5 13.Qc2 Qb4+ 14.Ke2 Bxa2
15.Bxh7+ Kf8 16.Ne5 c5 17.Nd3 Qb5 18.b4 cxd4 19.f3 Bd5 20.e4 Bc6 21.e5 a5
22.bxa5 Rxa5 23.Kf2 Ra3 24.Qd2 Nd7 25.Qg5 Rda8 26.h4 Nc5 27.Nxc5 bxc5 28.h5 Ra2+
29.Kg1 Qe2 30.h6 Qe3+ 31.Qxe3 dxe3 32.Bb1 gxh6 33.Bxa2 Rxa2 34.Rxc5 e2 35.Rc1 Kg7
36.Re1 Bb5 37.Rh4 Kg6 38.Rf4 Ra7 39.Kf2 Ra2 40.Rf6+ Kg7 41.Rf4 Rd2 42.Rg4+ Kf8
43.Rb4 Ba6 44.Rb8+ Kg7 45.Rb6 Bc4 46.Rd6 Ra2 47.g4 Ra3 48.Rd4 Bb5 49.f4 Ra2
50.f5 h5 51.gxh5 exf5 52.Rd6 Bc4 53.h6+ Kh7 54.Rf6 Ra6 55.Rxa6 Bxa6 56.Rc1 Bb5
57.Rc7 Kxh6 58.Rxf7 Kg5 59.Rg7+ Kf4 60.Rb7 Be8 61.e6 Ke5 62.Rb8  1-0

[Event "Wch U20"]
[Site "Graz"]
[Date "1978.??.??"]
[Round "6"]
[White "Foisor, Ovidiu"]
[Black "Barbero, Gerardo F"]
[Result "0-1"]
[WhiteElo "2310"]
[BlackElo "2200"]

1.d4 Nf6 2.c4 e6 3.Nf3 Bb4+ 4.Bd2 Qe7 5.Nc3 b6 6.g3 Bb7 7.Bg2 Bxc3 8.Bxc3 Ne4
9.Rc1 O-O 10.O-O Nxc3 11.Rxc3 d6 12.d5 a5 13.e4 e5 14.Nd2 Nd7 15.f4 exf4
16.gxf4 Rae8 17.Re3 Bc8 18.Qe2 Qh4 19.Rh3 Qf6 20.b3 Qb2 21.a4 f5 22.Re3 fxe4
23.Nxe4 Qxe2 24.Rxe2 Nc5 25.Rfe1 Nxe4 26.Bxe4 g6 27.Rf2 Re7 28.Kg2 Bg4 29.Re3 Bd1  0-1

[Event "Kiev"]
[Site "Kiev"]
[Date "1978.??.??"]
[Round "12"]
[White "Lerner, Konstantin Z"]
[Black "Kuzmin, Gennadi P"]
[Result "0-1"]
[WhiteElo "2445"]
[BlackElo "2535"]

1.Nf3 Nf6 2.c4 e6 3.d4 Bb4+ 4.Bd2 Qe7 5.e3 O-O 6.Bd3 Bxd2+ 7.Nfxd2 d6 8.Nc3 e5
9.O-O Nc6 10.d5 Nb4 11.Be2 a5 12.a3 Na6 13.b4 Bd7 14.Rb1 axb4 15.axb4 e4
16.Qc2 Rfe8 17.Rfd1 h5 18.h3 Qe5 19.Bf1 h4 20.Re1 Qg5 21.Ndxe4 Nxe4 22.Nxe4 Qg6
23.Bd3 Bxh3 24.f3 Nb8 25.Nc3 Qg3 26.Ne4 Qg6 27.c5 Bf5 28.Nf6+ Qxf6 29.Bxf5 Ra3
30.e4 Na6 31.Rec1 g6 32.Bd7 Re7 33.Bh3 Kg7 34.Qb2 Ra4 35.Qd2 Ra3 36.Kh1 Re8
37.Qb2 Qxb2 38.Rxb2 Kf6 39.cxd6 cxd6 40.Kh2 Ke5 41.Rc4 g5 42.Bf5 b5 43.Rc6 Ra4
44.Rb6 Rxb4 45.Rxb4 Nxb4 46.Rxb5 Nd3 47.Rb7 f6 48.Rb3 Nf4 49.Rb2 Ra8 50.Bg4 Ra1
51.g3 hxg3+ 52.Kxg3 Rg1+ 53.Kh2 Re1 54.Kg3 Kd4 55.Bd7 Nd3 56.Rb3 Nc5 57.Rb4+ Ke5
58.Bb5 Rg1+ 59.Kf2 Rc1 60.Kg3 Rc3 61.Bf1 Ra3 62.Bb5 Rc3 63.Bf1 Ra3 64.Bb5 Nb3
65.Bd7 Nd2 66.Bg4  0-1

[Event "URS-ch U26"]
[Site "Vilnius"]
[Date "1978.??.??"]
[Round "4"]
[White "Kharitonov, Andrei Y"]
[Black "Petrosian, Arshak B"]
[Result "1/2-1/2"]
[WhiteElo "2435"]
[BlackElo "2415"]

1.c4 e6 2.Nf3 Nf6 3.d4 Bb4+ 4.Bd2 Qe7 5.g3 Nc6 6.Bg2 Bxd2+ 7.Nbxd2 d6 8.O-O O-O
9.e4 e5 10.d5 Nb8 11.Ne1 a5 12.Nd3 Na6 13.f4 Nd7 14.Qf3 Nac5 15.Nxc5 Nxc5
16.Qc3 Bd7 17.Nb3 Na4 18.Qd2 b6 19.Rae1 f6 20.Nc1 Rfb8 21.Rf3 Nc5 22.Nd3 a4
23.Rfe3 Ra5 24.Nb4 Raa8 25.Bf1 g5 26.f5 Kg7 27.Ra3 Qe8 28.Nd3 Rb7 29.Qe3 Rba7
30.Be2 Ra5 31.Rc1 Nxd3 32.Rxd3 Rc5 33.Rdd1 Ra7 34.Rc3 Rca5 35.Kf2 h6 36.h4 Ra8
37.Rh1  1/2-1/2

[Event "Vilnius"]
[Site "Vilnius"]
[Date "1978.??.??"]
[Round "9"]
[White "Tukmakov, Vladimir B"]
[Black "Reshevsky, Samuel Herman"]
[Result "1-0"]
[WhiteElo "2560"]
[BlackElo "2490"]

1.d4 Nf6 2.c4 e6 3.Nf3 Bb4+ 4.Bd2 Qe7 5.g3 b6 6.Bg2 Bb7 7.O-O Bxd2 8.Qxd2 O-O
9.Nc3 d5 10.cxd5 Nxd5 11.Rac1 Na6 12.Ne5 c5 13.dxc5 Nxc5 14.Nxd5 exd5 15.Nf3 Ne6
16.e3 Qf6 17.Qc3 Qxc3 18.Rxc3 Rfc8 19.Rfc1 Rxc3 20.Rxc3 Rc8 21.Rxc8+ Bxc8
22.Bh3 Kf8 23.Bxe6 fxe6 24.Ne5 Ke7 25.f4 Kd6 26.Kf2 Kc5 27.Nf3 b5 28.Ke2 b4
29.Kd3 Bd7 30.Nd4 Kd6 31.Nf3 Kc5 32.Nd4 Kd6 33.a3 bxa3 34.bxa3 e5 35.fxe5+ Kxe5
36.Nf3+ Kd6 37.Kd4 Bf5 38.Ne5 Be6 39.Nd3 g5 40.Nc5 Bf5 41.Nb7+ Kc6 42.Nd8+ Kd7
43.Ke5 Bg6 44.Ne6 Kc6 45.Nxg5 Kb5 46.g4 Ka4 47.h4 h5 48.gxh5 Bxh5 49.Nh7 Kxa3
50.Nf6 Bf7 51.h5 Kb3 52.h6 Bg6 53.Kd4 Kb4 54.h7  1-0